Statistiques concernant Les légumes

Cliquez ici pour prendre le quiz!

Statistiques générales

  • Ce quiz a été pris 89 fois
  • Le résultat moyen est 25 sur 35

Statistiques - réponses

Réponse% Correct
carotte
100%
chou
97%
aubergine
95%
piment
93%
brocoli
93%
concombre
92%
champignon
92%
oignon
89%
courgette
89%
chou-fleur
89%
poivron
88%
haricot
88%
poireau
85%
artichaut
85%
ail
85%
radis
83%
chou de Bruxelles
83%
citrouille
81%
céleri
80%
maïs
79%
asperges
79%
pomme de terre
76%
betterave
75%
petit pois
75%
patate douce
73%
gingembre
71%
épinards
71%
navet
69%
rhubarbe
60%
panais
55%
laitue
37%
chou frisé
17%
ciboule
12%
igname
7%
le fenouil
4%

Distribution des résultats

Percentile par nombre de réponses

% des personnes avec chaque résultat

Votre développement - résultats

Vous n’avez pas pris ce quiz